| Tag |
First Indicator |
Second Indicator |
Subfields |
| LEADER |
00000cam a22000001 4500 |
| 001 |
in00001237795 |
| 005 |
20151003071920.0 |
| 008 |
800122s1967 nyu b 000 0 eng |
| 010 |
|
|
|a 67021347
|
| 019 |
|
|
|a 00325115
|
| 035 |
|
|
|a (OCoLC)06582172
|
| 035 |
|
|
|9 AGT5426AM
|
| 040 |
|
|
|a DLC
|c DLC
|d ATO
|d OCL
|d TXA
|d UtOrBLW
|
| 041 |
1 |
|
|a eng
|a und
|
| 049 |
|
|
|a TXAM
|
| 050 |
0 |
0 |
|a BR128.A8
|b P37
|
| 082 |
0 |
|
|a 261
|
| 090 |
|
|
|a BR128.A8
|b P37 1967
|
| 245 |
0 |
4 |
|a The Pastoral approach to atheism /
|c edited by Karl Rahner. [Translated by Theodore L. Westow and others].
|
| 264 |
|
1 |
|a New York :
|b Paulist Press,
|c [1967]
|
| 264 |
|
4 |
|c ©1967
|
| 300 |
|
|
|a viii, 181 pages ;
|c 24 cm.
|
| 336 |
|
|
|a text
|b txt
|2 rdacontent
|
| 337 |
|
|
|a unmediated
|b n
|2 rdamedia
|
| 338 |
|
|
|a volume
|b nc
|2 rdacarrier
|
| 490 |
1 |
|
|a Concilium. Pastoral theology, v. 23
|
| 504 |
|
|
|a Bibliographical footnotes.
|
| 505 |
0 |
|
|a Preface, by K.rahner.-What does Vatican II teach about atheism? by K. Rahner.-The theology of unbelief, by C. Moeller.-Psychological amd sociological aspects of modern atheism, by T.Steeman.-Reflections on religious indifference, by J.Girardi.-In search of a short formula of the Christian faith, by K.Rahner.-Some ideas from pastoral theology on the proclamation of the Christian message to present-day unbelievers, by K.Lehmann.-personal, pastoral contact with the non-believer, by J.Loew.-The function of the sermon with regard to repressed unbelief in the believer, by P.Matussek.-The tasks facing the Secretariat for Non-Believers, by V.Miano.-Bibliographic survey: Basic tendancies in the atheistic propaganda literature, by E.Adler(p.133-156)-Infant baptism in urban Latin America, by P.E.Berryman.-Christian and Marxist humanity, by C.Horgl.
|
| 650 |
|
0 |
|a Christianity and atheism.
|
| 700 |
1 |
|
|a Rahner, Karl,
|d 1904-1984,
|e editor.
|
| 830 |
|
0 |
|a Concilium (Glen Rock, N.J.) ;
|v v. 23.
|
| 999 |
|
|
|a MARS
|
| 999 |
f |
f |
|s 669a0022-b191-3bff-9486-bf84944ecd3d
|i dfff2e58-a6d4-3763-a36c-8ebc8cf9c295
|t 0
|
| 952 |
f |
f |
|p ric
|a Texas A&M University
|b Rellis Campus
|c Joint Library Facility
|d Remote Storage
|t 0
|e BR128.A8 P37 1967
|h Library of Congress classification
|i unmediated -- volume
|m A14819409315
|
| 998 |
f |
f |
|a BR128.A8 P37 1967
|t 0
|l Remote Storage
|